Finančné trhy pre začiatočníkov

Tri základné modely hypotekárneho bankovníctva. Depozitný model. Model hypotekárnych záložných listov. Model založený na sekuritizácii aktív na sekundárnom trhu hypoték. Riziká hypotekárneho bankovníctva. Hypotekárny úver.

Uložené v:
Podrobná bibliografia
Hlavný autor: Pilch, Ctibor, 1957-
Médium: Kapitola
Jazyk:Slovak
Predmet:
Tagy: Pridať tag
Žiadne tagy, Buďte prvý, kto otaguje tento záznam!

MARC

LEADER 00000nla$a2200000$$$4500
001 0052166
005 20240502071615.8
041 0 |a slo 
044 |a SK 
245 1 0 |a Finančné trhy pre začiatočníkov  |c Ctibor Pilch 
520 |a Tri základné modely hypotekárneho bankovníctva. Depozitný model. Model hypotekárnych záložných listov. Model založený na sekuritizácii aktív na sekundárnom trhu hypoték. Riziká hypotekárneho bankovníctva. Hypotekárny úver. 
610 2 0 |a trh finančný 
610 2 0 |a bankovníctvo hypotekárne 
610 2 0 |a listy záložné 
610 2 0 |a listy záložné hypotekárne 
610 2 0 |a pojmy 
610 2 0 |a riziko bankové 
610 2 0 |a úver hypotekárny 
100 1 |a Pilch, Ctibor, 1957-